<?xml version="1.0" encoding="UTF-8"?>
<marc:record xmlns:marc="http://www.loc.gov/MARC21/slim">
   <marc:leader>00000nam a2200000 a 4500</marc:leader>
   <marc:datafield ind1="1" ind2=" " tag="100">
      <marc:subfield code="a">Allen, Woody</marc:subfield>
      <marc:subfield code="4">aut</marc:subfield>
      <marc:subfield code="e">Verfasser/-in</marc:subfield>
   </marc:datafield>
   <marc:datafield ind1="1" ind2=" " tag="100">
      <marc:subfield code="a">Schneider, Nils</marc:subfield>
   </marc:datafield>
   <marc:datafield ind1="1" ind2=" " tag="100">
      <marc:subfield code="a">Poupaud, Melvil</marc:subfield>
   </marc:datafield>
   <marc:datafield ind1="1" ind2=" " tag="100">
      <marc:subfield code="a">Lemercier; Valérie</marc:subfield>
   </marc:datafield>
   <marc:datafield ind1="1" ind2=" " tag="100">
      <marc:subfield code="a">De Laage, Lou</marc:subfield>
   </marc:datafield>
   <marc:datafield ind1="0" ind2="0" tag="245">
      <marc:subfield code="a">Ein Glücksfall</marc:subfield>
   </marc:datafield>
   <marc:datafield ind1=" " ind2="1" tag="264">
      <marc:subfield code="a">Leipzig</marc:subfield>
      <marc:subfield code="b">Leonine Distribution</marc:subfield>
      <marc:subfield code="c">2024</marc:subfield>
   </marc:datafield>
   <marc:datafield ind1="1" ind2=" " tag="520">
      <marc:subfield code="a">"Eine junge Frau betrügt ihren besitzergreifenden Ehemann mit einem ehemaligen Schulkameraden und stellt darüber ihr bisheriges Leben in Frage. Doch der Gatte kommt ihr auf die Schliche und regelt die Angelegenheit auf seine Art, hat aber nicht mit der ihn bislang anhimmelnden Schwiegermutter gerechnet. Der 50. Film von Woody Allen ist sein erstes ausschließlich auf Französisch und nur mit französischen Darstellern gedrehtes Werk. Der Blick auf Paris gerät dabei ein wenig oberflächlich, doch die spannende Geschichte nimmt für sich ein und mündet in einen unterhaltsamen Kriminalfilm im Milieu der höheren französischen Gesellschaft (@FILMDIENST)</marc:subfield>
   </marc:datafield>
   <marc:datafield ind1="3" ind2=" " tag="024">
      <marc:subfield code="a">4061229457408</marc:subfield>
   </marc:datafield>
   <marc:datafield ind1=" " ind2=" " tag="300">
      <marc:subfield code="a">1 DVD - Video (92 Minuten)</marc:subfield>
   </marc:datafield>
</marc:record>
